[Event "MP do 18 lat - chlopcy"]
[Site "Sypniewo"]
[Date "2022.03.19"]
[Round "1.19"]
[White "Bartlomowicz, Jakub"]
[Black "Dalkowski, Rafal"]
[Result "1-0"]
[BlackElo "2138"]
[WhiteElo "1774"]
[LiveChessVersion "1.4.8"]

1. e4 {[%clk 1:30:56]} c6 {[%clk 1:30:50]} 2. d4 {[%clk 1:31:09]} d5
{[%clk 1:31:14]} 3. Nc3 {[%clk 1:31:21]} dxe4 {[%clk 1:31:37]} 4. Nxe4
{[%clk 1:31:29]} Bf5 {[%clk 1:31:55]} 5. Ng3 {[%clk 1:31:20]} Bg6
{[%clk 1:32:19]} 6. h4 {[%clk 1:30:58]} h6 {[%clk 1:32:42]} 7. Nf3
{[%clk 1:31:10]} Nd7 {[%clk 1:33:05]} 8. h5 {[%clk 1:30:57]} Bh7 {[%clk 1:33:29]}
9. Bd3 {[%clk 1:30:46]} Bxd3 {[%clk 1:33:54]} 10. Qxd3 {[%clk 1:31:09]} Ngf6
{[%clk 1:34:10]} 11. Bd2 {[%clk 1:30:46]} e6 {[%clk 1:34:32]} 12. O-O-O
{[%clk 1:30:35]} Be7 {[%clk 1:34:54]} 13. Kb1 {[%clk 1:30:27]} O-O
{[%clk 1:33:44]} 14. Ne4 {[%clk 1:29:24]} c5 {[%clk 1:33:55]} 15. g4
{[%clk 1:25:17]} Nxg4 {[%clk 1:32:55]} 16. Qe2 {[%clk 1:24:00]} Qb6
{[%clk 1:27:25]} 17. Ne5 {[%clk 1:17:53]} Ngxe5 {[%clk 1:18:27]} 18. dxe5
{[%clk 1:18:08]} Nxe5 {[%clk 1:17:03]} 19. Rdg1 {[%clk 1:05:24]} Kh7
{[%clk 1:01:36]} 20. Bc3 {[%clk 1:03:26]} f6 {[%clk 0:50:31]} 21. f4
{[%clk 1:02:14]} Nd7 {[%clk 0:48:31]} 22. Qd3 {[%clk 0:58:04]} Kh8
{[%clk 0:45:14]} 23. Qxd7 {[%clk 0:58:28]} Rf7 {[%clk 0:45:01]} 24. Qd3
{[%clk 0:56:08]} Qc6 {[%clk 0:43:23]} 25. Qe2 {[%clk 0:55:03]} b5
{[%clk 0:42:21]} 26. Qg2 {[%clk 0:54:35]} Qd5 {[%clk 0:37:00]} 27. Qg6
{[%clk 0:53:02]} Raf8 {[%clk 0:36:59]} 28. Nxf6 {[%clk 0:51:45]} Qf5
{[%clk 0:31:00]} 29. Qxf5 {[%clk 0:51:12]} exf5 {[%clk 0:31:23]} 30. Nd7
{[%clk 0:51:36]} 1-0

[Event "MP do 18 lat - chlopcy"]
[Site "Sypniewo"]
[Date "2022.03.19"]
[Round "1.20"]
[White "Kozlowski, Michal"]
[Black "Haliniak, Wojciech"]
[Result "1/2-1/2"]
[BlackElo "1751"]
[WhiteElo "2078"]
[LiveChessVersion "1.4.8"]

1. e4 {[%clk 1:30:57]} e6 {[%clk 1:30:48]} 2. d4 {[%clk 1:31:15]} d5
{[%clk 1:31:11]} 3. Nd2 {[%clk 1:31:31]} Nc6 {[%clk 1:31:27]} 4. c3
{[%clk 1:28:17]} e5 {[%clk 1:31:18]} 5. exd5 {[%clk 1:20:35]} Qxd5
{[%clk 1:31:40]} 6. Ngf3 {[%clk 1:19:56]} exd4 {[%clk 1:29:51]} 7. Bc4
{[%clk 1:20:17]} Qd6 {[%clk 1:23:07]} 8. Ne4 {[%clk 1:02:14]} Qe7
{[%clk 1:21:56]} 9. O-O {[%clk 1:02:33]} Be6 {[%clk 1:21:16]} 10. Bxe6
{[%clk 0:58:43]} fxe6 {[%clk 1:20:50]} 11. Nxd4 {[%clk 0:57:04]} Nxd4
{[%clk 1:17:47]} 12. Qxd4 {[%clk 0:57:25]} e5 {[%clk 1:15:24]} 13. Qa4+
{[%clk 0:55:33]} Qd7 {[%clk 1:14:26]} 14. Qb3 {[%clk 0:40:23]} O-O-O
{[%clk 1:11:44]} 15. Bg5 {[%clk 0:40:34]} Re8 {[%clk 1:12:00]} 16. Qc4
{[%clk 0:34:53]} Qe6 {[%clk 1:07:30]} 17. Qa4 {[%clk 0:33:56]} Kb8
{[%clk 1:04:55]} 18. Be3 {[%clk 0:34:21]} b6 {[%clk 1:04:03]} 19. c4
{[%clk 0:24:57]} Nf6 {[%clk 1:02:07]} 20. c5 {[%clk 0:22:41]} Nd5
{[%clk 0:50:16]} 21. c6 {[%clk 0:19:28]} Be7 {[%clk 0:40:23]} 22. Rac1
{[%clk 0:19:13]} Rhf8 {[%clk 0:37:22]} 23. Rfd1 {[%clk 0:16:47]} Rd8
{[%clk 0:36:22]} 24. Qa6 {[%clk 0:11:39]} Qc8 {[%clk 0:36:44]} 25. Qb5
{[%clk 0:11:51]} Nxe3 {[%clk 0:26:32]} 26. fxe3 {[%clk 0:12:19]} Qg4
{[%clk 0:26:25]} 27. Rxd8+ {[%clk 0:12:11]} Rxd8 {[%clk 0:26:15]} 28. Qxe5
{[%clk 0:08:59]} Qe2 {[%clk 0:13:38]} 29. Qc3 {[%clk 0:01:52]} Bb4
{[%clk 0:12:44]} 30. Qc2 {[%clk 0:00:50]} Qxe3+ {[%clk 0:12:36]} 31. Kh1
{[%clk 0:01:19]} Re8 {[%clk 0:07:42]} 32. Ng3 {[%clk 0:01:02]} Bd6
{[%clk 0:04:18]} 33. Rf1 {[%clk 0:00:57]} Bxg3 {[%clk 0:01:49]} 34. hxg3
{[%clk 0:01:26]} Qxg3 {[%clk 0:01:33]} 35. Qe2 {[%clk 0:01:12]} Qh4+
{[%clk 0:01:52]} 36. Kg1 {[%clk 0:01:41]} Qd4+ {[%clk 0:01:16]} 37. Kh1
{[%clk 0:02:10]} Qh4+ {[%clk 0:00:39]} 38. Kg1 {[%clk 0:02:39]} Qd4+
{[%clk 0:00:39]} 39. Kh1 {[%clk 0:03:04]} Qh4+ {[%clk 0:00:50]} 1/2-1/2

[Event "MP do 18 lat - chlopcy"]
[Site "Sypniewo"]
[Date "2022.03.19"]
[Round "1.21"]
[White "Ullrich, Karol"]
[Black "Gorkiewicz, Mateusz"]
[Result "1-0"]
[BlackElo "2073"]
[WhiteElo "1748"]
[LiveChessVersion "1.4.8"]

1. e4 {[%clk 1:30:57]} e5 {[%clk 1:30:49]} 2. Nf3 {[%clk 1:31:23]} Nc6
{[%clk 1:31:08]} 3. Bb5 {[%clk 1:31:46]} a6 {[%clk 1:31:25]} 4. Ba4
{[%clk 1:30:57]} Nf6 {[%clk 1:31:35]} 5. O-O {[%clk 1:31:17]} b5 {[%clk 1:31:45]}
6. Bb3 {[%clk 1:31:40]} Be7 {[%clk 1:32:04]} 7. Re1 {[%clk 1:29:52]} d6
{[%clk 1:32:18]} 8. h3 {[%clk 1:21:33]} Na5 {[%clk 1:22:22]} 9. c3
{[%clk 1:20:57]} Nxb3 {[%clk 1:21:24]} 10. Qxb3 {[%clk 1:19:42]} Bb7
{[%clk 1:19:40]} 11. Qc2 {[%clk 1:19:31]} c5 {[%clk 1:18:13]} 12. d4
{[%clk 1:18:35]} Qc7 {[%clk 1:12:33]} 13. dxc5 {[%clk 1:14:19]} Qxc5
{[%clk 1:05:59]} 14. Bg5 {[%clk 1:12:45]} h6 {[%clk 0:55:47]} 15. Bh4
{[%clk 1:12:16]} g5 {[%clk 0:53:18]} 16. Bg3 {[%clk 1:11:13]} Nh5
{[%clk 0:52:18]} 17. Bh2 {[%clk 1:11:02]} Rg8 {[%clk 0:39:40]} 18. Nbd2
{[%clk 1:01:09]} g4 {[%clk 0:38:27]} 19. hxg4 {[%clk 1:00:27]} Rxg4
{[%clk 0:38:42]} 20. Nf1 {[%clk 0:59:51]} Nf4 {[%clk 0:25:15]} 21. Bxf4
{[%clk 0:53:34]} Rxf4 {[%clk 0:24:03]} 22. Rac1 {[%clk 0:50:59]} Kd7
{[%clk 0:20:09]} 23. Qd3 {[%clk 0:46:41]} Ke6 {[%clk 0:18:03]} 24. Nd4+
{[%clk 0:37:26]} Kf6 {[%clk 0:12:15]} 25. g3 {[%clk 0:29:45]} Rg8
{[%clk 0:11:02]} 26. Nf3 {[%clk 0:21:39]} Qc6 {[%clk 0:07:00]} 27. N1d2
{[%clk 0:18:02]} Bd8 {[%clk 0:06:12]} 28. Kf1 {[%clk 0:16:15]} Rfg4
{[%clk 0:06:09]} 29. b4 {[%clk 0:12:57]} Bb6 {[%clk 0:03:56]} 30. c4
{[%clk 0:13:05]} Ke7 {[%clk 0:04:01]} 31. c5 {[%clk 0:12:24]} Bc7
{[%clk 0:03:36]} 32. Rc3 {[%clk 0:03:23]} Rd8 {[%clk 0:03:36]} 33. Qc2
{[%clk 0:02:34]} Bb8 {[%clk 0:03:26]} 34. Nb3 {[%clk 0:01:54]} Ba8
{[%clk 0:00:37]} 35. Na5 {[%clk 0:01:59]} Qe8 {[%clk 0:00:59]} 36. c6
{[%clk 0:00:52]} Bc7 {[%clk 0:01:20]} 37. Nb3 {[%clk 0:00:35]} Rc8
{[%clk 0:01:33]} 38. Rc1 {[%clk 0:00:56]} Bb6 {[%clk 0:01:41]} 39. Nbd2
{[%clk 0:00:46]} Kf6 {[%clk 0:00:31]} 40. a4 {[%clk 0:30:46]} Qe6
{[%clk 0:30:38]} 41. axb5 {[%clk 0:30:03]} d5 {[%clk 0:25:04]} 42. bxa6
{[%clk 0:24:51]} dxe4 {[%clk 0:20:11]} 43. Nxe4+ {[%clk 0:25:06]} Kg7
{[%clk 0:19:33]} 44. Nh2 {[%clk 0:19:33]} Rg6 {[%clk 0:19:03]} 45. b5
{[%clk 0:15:29]} Bd4 {[%clk 0:12:15]} 46. Rf3 {[%clk 0:12:13]} Qh3+
{[%clk 0:09:26]} 47. Kg1 {[%clk 0:12:30]} f5 {[%clk 0:09:07]} 48. Nc3
{[%clk 0:07:09]} f4 {[%clk 0:01:13]} 49. Ne2 {[%clk 0:07:25]} Rxg3+
{[%clk 0:00:55]} 50. Nxg3 {[%clk 0:02:54]} fxg3 {[%clk 0:01:20]} 51. Qf5
{[%clk 0:02:13]} Bxf2+ {[%clk 0:00:48]} 52. Rxf2 {[%clk 0:02:35]} gxf2+
{[%clk 0:01:06]} 53. Qxf2 {[%clk 0:03:00]} Rg8 {[%clk 0:00:37]} 54. Kh1
{[%clk 0:02:50]} Qd3 {[%clk 0:00:33]} 55. Rg1+ {[%clk 0:02:59]} Kh8
{[%clk 0:00:47]} 56. Qf6+ {[%clk 0:03:20]} 1-0

[Event "MP do 18 lat - chlopcy"]
[Site "Sypniewo"]
[Date "2022.03.19"]
[Round "1.22"]
[White "Budzisz, Adrian"]
[Black "Jozefik, Aleksander"]
[Result "1-0"]
[BlackElo "1729"]
[WhiteElo "2064"]
[LiveChessVersion "1.4.8"]

1. d4 {[%clk 1:30:56]} Nf6 2. c4 {[%clk 1:31:18]} e6 {[%clk 1:30:47]} 3. Nf3
{[%clk 1:31:32]} b6 {[%clk 1:27:32]} 4. g3 {[%clk 1:31:38]} Ba6 {[%clk 1:27:28]}
5. Qc2 {[%clk 1:30:06]} Bb7 {[%clk 1:24:19]} 6. Bg2 {[%clk 1:29:53]} Bb4+
{[%clk 1:22:31]} 7. Bd2 {[%clk 1:29:36]} Be7 {[%clk 1:22:30]} 8. Nc3
{[%clk 1:29:01]} d5 {[%clk 1:22:05]} 9. cxd5 {[%clk 1:24:00]} exd5
{[%clk 1:20:37]} 10. Bf4 {[%clk 1:23:25]} c6 {[%clk 1:17:56]} 11. O-O
{[%clk 1:21:18]} O-O {[%clk 1:16:48]} 12. Ne5 {[%clk 1:18:17]} Nbd7
{[%clk 1:12:51]} 13. e4 {[%clk 1:14:23]} Nh5 {[%clk 1:02:53]} 14. exd5
{[%clk 1:13:13]} cxd5 {[%clk 0:41:53]} 15. Bxd5 {[%clk 1:09:36]} Bxd5
{[%clk 0:29:11]} 16. Nxd5 {[%clk 1:09:37]} Nxe5 {[%clk 0:28:48]} 17. Nxe7+
{[%clk 1:09:56]} Qxe7 {[%clk 0:29:11]} 18. Bxe5 {[%clk 1:09:54]} f6
{[%clk 0:26:14]} 19. Bc7 {[%clk 1:05:42]} Rac8 {[%clk 0:22:08]} 20. Rac1
{[%clk 1:05:56]} Qd7 21. Qc6 {[%clk 1:02:57]} Rf7 {[%clk 0:10:11]} 22. Qf3
{[%clk 1:01:50]} g6 {[%clk 0:06:04]} 23. Bf4 {[%clk 1:01:37]} Rd8
{[%clk 0:02:56]} 24. Be3 {[%clk 1:01:13]} Ng7 {[%clk 0:02:57]} 25. Rfd1
{[%clk 0:59:59]} Nf5 {[%clk 0:01:54]} 26. d5 {[%clk 0:59:09]} Qb5
{[%clk 0:00:56]} 27. Rd2 {[%clk 0:58:55]} Nd6 {[%clk 0:01:04]} 28. b3
{[%clk 0:59:07]} f5 {[%clk 0:00:40]} 29. Bg5 {[%clk 0:57:09]} Re8
{[%clk 0:00:38]} 30. Bf4 {[%clk 0:55:39]} Ne4 {[%clk 0:01:00]} 31. Rd4
{[%clk 0:55:48]} Rd8 {[%clk 0:00:39]} 32. a4 {[%clk 0:54:56]} Qa5
{[%clk 0:00:34]} 33. Qd1 {[%clk 0:51:13]} Rfd7 {[%clk 0:00:36]} 34. b4
{[%clk 0:51:05]} Qa6 {[%clk 0:00:42]} 35. f3 {[%clk 0:51:09]} Nd6
{[%clk 0:00:37]} 36. Rc6 {[%clk 0:49:49]} Nf7 {[%clk 0:00:35]} 37. h4
{[%clk 0:49:40]} Qb7 {[%clk 0:00:40]} 38. b5 {[%clk 0:49:59]} Re8
{[%clk 0:00:35]} 39. d6 {[%clk 0:49:19]} Ne5 {[%clk 0:00:34]} 40. Qb3+
{[%clk 1:19:34]} Kh8 {[%clk 0:30:35]} 41. Qd5 {[%clk 1:19:43]} Nf7
{[%clk 0:27:18]} 42. g4 {[%clk 1:18:37]} Qa8 {[%clk 0:25:00]} 43. gxf5
{[%clk 1:17:49]} Qd8 {[%clk 0:23:29]} 44. Rc7 {[%clk 1:14:14]} gxf5
{[%clk 0:19:07]} 45. Bg3 {[%clk 1:11:07]} Rg8 {[%clk 0:17:46]} 46. Kf2
{[%clk 1:10:40]} f4 {[%clk 0:17:33]} 47. Rxf4 {[%clk 1:09:30]} Rxd6
{[%clk 0:17:13]} 48. Rfxf7 {[%clk 1:09:54]} 1-0

[Event "MP do 18 lat - chlopcy"]
[Site "Sypniewo"]
[Date "2022.03.20"]
[Round "2.1"]
[White "Czopor, Maciej"]
[Black "Koziorowicz, Michal"]
[Result "1-0"]
[BlackElo "2291"]
[WhiteElo "2423"]
[LiveChessVersion "1.4.8"]

1. e4 {[%clk 1:30:55]} e6 {[%clk 1:30:31]} 2. d4 {[%clk 1:31:19]} d5
{[%clk 1:30:53]} 3. e5 {[%clk 1:30:44]} c5 {[%clk 1:31:10]} 4. c3
{[%clk 1:31:09]} Nc6 {[%clk 1:31:25]} 5. Nf3 {[%clk 1:30:39]} Bd7
{[%clk 1:31:29]} 6. Bd3 {[%clk 1:30:03]} cxd4 {[%clk 1:31:30]} 7. O-O
{[%clk 1:21:46]} dxc3 {[%clk 1:30:34]} 8. Nxc3 {[%clk 1:21:49]} Nge7
{[%clk 1:29:38]} 9. Bg5 {[%clk 1:09:08]} a6 {[%clk 1:27:32]} 10. Rc1
{[%clk 1:02:43]} h6 {[%clk 1:24:17]} 11. Be3 {[%clk 0:59:05]} Ng6
{[%clk 1:08:28]} 12. Bxg6 {[%clk 0:55:14]} fxg6 {[%clk 1:08:51]} 13. Na4
{[%clk 0:52:30]} Be7 {[%clk 1:07:24]} 14. Bb6 {[%clk 0:45:32]} Qb8
{[%clk 1:07:24]} 15. Nc5 {[%clk 0:44:37]} Bc8 {[%clk 1:01:45]} 16. Qd3
{[%clk 0:35:29]} O-O {[%clk 0:59:28]} 17. Rfe1 {[%clk 0:35:21]} Rf5
{[%clk 0:50:09]} 18. h3 {[%clk 0:29:48]} Nxe5 {[%clk 0:43:07]} 19. Nxe5
{[%clk 0:29:28]} Rxe5 {[%clk 0:42:55]} 20. Qxg6 {[%clk 0:28:14]} Rxe1+
{[%clk 0:42:40]} 21. Rxe1 {[%clk 0:28:39]} Bxc5 {[%clk 0:43:04]} 22. Bxc5
{[%clk 0:28:24]} Bd7 {[%clk 0:43:27]} 23. Bd4 {[%clk 0:23:56]} Qf8
{[%clk 0:43:47]} 24. Re3 {[%clk 0:23:39]} Qf7 {[%clk 0:40:49]} 25. Rg3
{[%clk 0:22:22]} Qxg6 {[%clk 0:40:31]} 26. Rxg6 {[%clk 0:22:00]} Bc6
{[%clk 0:39:43]} 27. Rxg7+ {[%clk 0:21:53]} Kf8 {[%clk 0:40:07]} 28. Rh7
{[%clk 0:20:29]} Re8 {[%clk 0:39:22]} 29. Be5 {[%clk 0:11:43]} Kg8
{[%clk 0:35:05]} 30. Rg7+ {[%clk 0:12:08]} Kf8 {[%clk 0:35:30]} 31. Rh7
{[%clk 0:12:37]} Kg8 {[%clk 0:35:52]} 32. Rxh6 {[%clk 0:12:41]} Kf7
{[%clk 0:35:57]} 33. Rf6+ {[%clk 0:06:04]} Ke7 {[%clk 0:35:44]} 34. Rf4
{[%clk 0:06:09]} Bb5 {[%clk 0:33:01]} 35. g4 {[%clk 0:05:49]} Rc8
{[%clk 0:31:51]} 36. h4 {[%clk 0:02:45]} Bd3 {[%clk 0:16:15]} 37. h5
{[%clk 0:02:35]} Rc2 {[%clk 0:15:54]} 38. g5 {[%clk 0:02:18]} Be4
{[%clk 0:13:32]} 39. Rxe4 {[%clk 0:01:34]} dxe4 {[%clk 0:13:41]} 40. h6
{[%clk 0:32:00]} 1-0

[Event "MP do 18 lat - chlopcy"]
[Site "Sypniewo"]
[Date "2022.03.20"]
[Round "2.2"]
[White "Kacprzak, Karol"]
[Black "Niedbala, Bartlomiej"]
[Result "0-1"]
[BlackElo "2385"]
[WhiteElo "2275"]
[LiveChessVersion "1.4.8"]

1. Nf3 {[%clk 1:29:40]} d5 {[%clk 1:29:22]} 2. e3 {[%clk 1:29:59]} Nf6
{[%clk 1:27:11]} 3. c4 {[%clk 1:30:02]} c6 {[%clk 1:25:40]} 4. Nc3
{[%clk 1:30:13]} e6 {[%clk 1:26:04]} 5. d4 {[%clk 1:30:25]} Nbd7 {[%clk 1:26:02]}
6. Bd3 {[%clk 1:30:22]} dxc4 {[%clk 1:24:57]} 7. Bxc4 {[%clk 1:30:45]} b5
{[%clk 1:25:25]} 8. Bd3 {[%clk 1:31:08]} Bb7 {[%clk 1:20:12]} 9. e4
{[%clk 1:23:42]} b4 {[%clk 1:18:45]} 10. Ne2 {[%clk 1:23:03]} c5 {[%clk 1:13:33]}
11. Ng3 {[%clk 1:08:48]} cxd4 {[%clk 1:03:11]} 12. Nxd4 {[%clk 0:59:34]} Be7
{[%clk 0:42:08]} 13. O-O {[%clk 0:48:01]} O-O {[%clk 0:42:34]} 14. Re1
{[%clk 0:47:25]} Ne5 {[%clk 0:38:39]} 15. Bf1 {[%clk 0:38:48]} Bc5
{[%clk 0:34:42]} 16. Nb3 {[%clk 0:37:24]} Bxf2+ {[%clk 0:29:21]} 17. Kxf2
{[%clk 0:37:31]} Nfg4+ {[%clk 0:29:50]} 18. Kg1 {[%clk 0:35:52]} Qh4
{[%clk 0:30:12]} 19. h3 {[%clk 0:34:46]} Qxg3 {[%clk 0:30:31]} 20. hxg4
{[%clk 0:34:28]} Nxg4 {[%clk 0:30:25]} 0-1

[Event "MP do 18 lat - chlopcy"]
[Site "Sypniewo"]
[Date "2022.03.20"]
[Round "2.3"]
[White "Dzida, Kamil"]
[Black "Baum, Jonasz"]
[Result "0-1"]
[BlackElo "2317"]
[WhiteElo "2243"]
[LiveChessVersion "1.4.8"]

1. e4 {[%clk 1:30:58]} c5 {[%clk 1:30:49]} 2. Nf3 {[%clk 1:31:19]} d6
{[%clk 1:31:14]} 3. d4 {[%clk 1:31:40]} cxd4 {[%clk 1:31:39]} 4. Nxd4
{[%clk 1:32:04]} Nf6 {[%clk 1:32:04]} 5. Nc3 {[%clk 1:32:27]} a6 {[%clk 1:32:29]}
6. Be2 {[%clk 1:32:43]} e5 {[%clk 1:32:22]} 7. Nf3 {[%clk 1:33:05]} Be7
{[%clk 1:32:14]} 8. Bg5 {[%clk 1:33:27]} Be6 {[%clk 1:31:57]} 9. Bxf6
{[%clk 1:33:49]} Bxf6 {[%clk 1:32:23]} 10. O-O {[%clk 1:34:04]} O-O
{[%clk 1:31:00]} 11. Nd5 {[%clk 1:34:26]} Nd7 {[%clk 1:29:01]} 12. Qd2
{[%clk 1:33:45]} Bxd5 {[%clk 1:27:14]} 13. Qxd5 {[%clk 1:33:41]} Qc7
{[%clk 1:27:41]} 14. Rfd1 {[%clk 1:19:40]} Be7 {[%clk 1:22:45]} 15. Nd2
{[%clk 1:12:16]} Nf6 {[%clk 1:08:09]} 16. Qb3 {[%clk 1:08:36]} Rac8
{[%clk 1:02:34]} 17. c3 {[%clk 1:07:55]} Qc6 {[%clk 0:55:12]} 18. Bf3
{[%clk 1:07:33]} Bd8 {[%clk 0:54:56]} 19. a4 {[%clk 1:02:24]} Bb6
{[%clk 0:40:30]} 20. a5 {[%clk 1:01:00]} Ba7 {[%clk 0:40:54]} 21. Ra4
{[%clk 0:59:55]} Qc5 {[%clk 0:31:04]} 22. Rf1 {[%clk 0:59:14]} Rc7
{[%clk 0:28:55]} 23. Rb4 {[%clk 0:57:29]} Rb8 {[%clk 0:27:28]} 24. Qa2
{[%clk 0:48:54]} Qc6 {[%clk 0:23:45]} 25. g3 {[%clk 0:38:19]} Qd7
{[%clk 0:20:07]} 26. Kg2 {[%clk 0:37:57]} Rd8 {[%clk 0:15:10]} 27. Rd1
{[%clk 0:33:43]} Bc5 {[%clk 0:09:04]} 28. Rc4 {[%clk 0:33:59]} Qe6
{[%clk 0:08:55]} 29. Qa4 {[%clk 0:29:21]} Rcd7 {[%clk 0:09:24]} 30. Qc2
{[%clk 0:15:57]} h5 {[%clk 0:09:26]} 31. h4 {[%clk 0:15:46]} g6 {[%clk 0:09:47]}
32. Ra4 {[%clk 0:13:35]} Kg7 {[%clk 0:09:01]} 33. b4 {[%clk 0:07:15]} Ba7
{[%clk 0:09:21]} 34. c4 {[%clk 0:07:39]} Rc7 {[%clk 0:08:45]} 35. Qd3
{[%clk 0:07:07]} Rdc8 {[%clk 0:08:35]} 36. Raa1 {[%clk 0:05:08]} Ng8
{[%clk 0:04:19]} 37. Be2 {[%clk 0:04:57]} Ne7 {[%clk 0:04:11]} 38. Nf3
{[%clk 0:04:22]} Rxc4 {[%clk 0:03:35]} 39. Qxd6 {[%clk 0:04:40]} Qxd6
{[%clk 0:03:08]} 40. Rxd6 {[%clk 0:35:05]} Rxe4 {[%clk 0:31:54]} 41. Bd3
{[%clk 0:34:06]} Rxb4 {[%clk 0:30:24]} 42. Re1 {[%clk 0:33:09]} Rb2
{[%clk 0:23:41]} 43. Nxe5 {[%clk 0:32:25]} Bxf2 {[%clk 0:18:47]} 44. Re2
{[%clk 0:32:44]} Rxe2 {[%clk 0:19:05]} 45. Bxe2 {[%clk 0:32:53]} Bxg3
{[%clk 0:17:53]} 46. Rd7 {[%clk 0:33:19]} Bxe5 {[%clk 0:11:35]} 47. Rxe7
{[%clk 0:33:44]} Bc7 {[%clk 0:11:18]} 48. Bc4 {[%clk 0:29:52]} Bxa5
{[%clk 0:11:42]} 49. Rxf7+ {[%clk 0:30:19]} Kh6 {[%clk 0:12:07]} 50. Bd3
{[%clk 0:28:22]} Be1 {[%clk 0:03:22]} 51. Rxb7 {[%clk 0:27:52]} Rc6
{[%clk 0:03:38]} 52. Ra7 {[%clk 0:24:39]} a5 {[%clk 0:04:03]} 53. Kf3
{[%clk 0:22:43]} Rf6+ {[%clk 0:03:43]} 54. Ke2 {[%clk 0:22:17]} Bb4
{[%clk 0:03:52]} 55. Ra8 {[%clk 0:19:18]} Re6+ {[%clk 0:03:59]} 56. Kf3
{[%clk 0:17:58]} Bd2 {[%clk 0:03:49]} 57. Be4 {[%clk 0:15:45]} Be1
{[%clk 0:03:45]} 58. Ra7 {[%clk 0:12:13]} Rb6 {[%clk 0:02:29]} 59. Bd3
{[%clk 0:09:42]} Bc3 {[%clk 0:02:43]} 60. Bc2 {[%clk 0:05:18]} Rf6+
{[%clk 0:03:06]} 61. Ke3 {[%clk 0:04:27]} Be1 {[%clk 0:03:01]} 62. Ke2
{[%clk 0:04:03]} Rf2+ {[%clk 0:03:09]} 63. Kd1 {[%clk 0:03:57]} Rd2+
{[%clk 0:03:24]} 64. Kc1 {[%clk 0:03:55]} Rd6 {[%clk 0:03:42]} 65. Kb2
{[%clk 0:03:16]} Rb6+ {[%clk 0:03:39]} 66. Kc1 {[%clk 0:03:07]} Bxh4
{[%clk 0:03:58]} 67. Kd1 {[%clk 0:02:35]} Rd6+ {[%clk 0:03:53]} 68. Ke2
{[%clk 0:03:01]} Bd8 {[%clk 0:04:17]} 69. Kf3 {[%clk 0:03:17]} Rf6+
{[%clk 0:04:23]} 70. Ke4 {[%clk 0:03:31]} Bb6 {[%clk 0:03:39]} 71. Ra6
{[%clk 0:03:17]} Kg5 {[%clk 0:03:43]} 72. Bd3 {[%clk 0:03:27]} Rf4+
{[%clk 0:02:29]} 73. Ke5 {[%clk 0:03:51]} Bc7+ {[%clk 0:02:16]} 74. Kd5
{[%clk 0:04:16]} Rf6 {[%clk 0:02:40]} 75. Ra7 {[%clk 0:04:40]} Rd6+
{[%clk 0:02:42]} 76. Ke4 {[%clk 0:04:37]} Bb6 {[%clk 0:02:59]} 77. Ra6
{[%clk 0:04:59]} h4 {[%clk 0:02:41]} 78. Bf1 {[%clk 0:04:48]} Kg4
{[%clk 0:02:18]} 79. Ke5 {[%clk 0:04:50]} Bc7 {[%clk 0:02:29]} 0-1

[Event "MP do 18 lat - chlopcy"]
[Site "Sypniewo"]
[Date "2022.03.20"]
[Round "2.4"]
[White "Czernek, Tymon"]
[Black "Ochedzan, Tymon"]
[Result "0-1"]
[BlackElo "2308"]
[WhiteElo "2229"]
[LiveChessVersion "1.4.8"]

1. e4 {[%clk 1:30:57]} c6 {[%clk 1:30:53]} 2. d4 {[%clk 1:31:20]} d5
{[%clk 1:31:07]} 3. Nc3 {[%clk 1:31:47]} dxe4 {[%clk 1:30:43]} 4. Nxe4
{[%clk 1:32:12]} Bf5 {[%clk 1:30:51]} 5. Ng3 {[%clk 1:32:36]} Bg6
{[%clk 1:30:56]} 6. h4 {[%clk 1:32:57]} h6 {[%clk 1:30:30]} 7. Nf3
{[%clk 1:33:22]} e6 {[%clk 1:30:28]} 8. Ne5 {[%clk 1:33:44]} Bh7 {[%clk 1:30:04]}
9. Bd3 {[%clk 1:34:09]} Bxd3 {[%clk 1:30:06]} 10. Qxd3 {[%clk 1:34:32]} Nd7
{[%clk 1:29:01]} 11. f4 {[%clk 1:34:55]} Bb4+ {[%clk 1:26:17]} 12. Bd2
{[%clk 1:29:48]} Bxd2+ {[%clk 1:22:00]} 13. Qxd2 {[%clk 1:30:13]} Ngf6
{[%clk 1:21:06]} 14. O-O-O {[%clk 1:28:23]} O-O {[%clk 1:12:11]} 15. Ne2
{[%clk 1:16:10]} Nd5 {[%clk 0:54:55]} 16. g4 {[%clk 1:13:01]} Nxe5
{[%clk 0:46:06]} 17. fxe5 {[%clk 1:08:46]} Qe7 {[%clk 0:45:26]} 18. Rdg1
{[%clk 0:59:38]} Rad8 {[%clk 0:35:20]} 19. g5 {[%clk 0:43:22]} h5
{[%clk 0:34:53]} 20. Ng3 {[%clk 0:40:10]} g6 {[%clk 0:31:15]} 21. Rg2
{[%clk 0:33:04]} Kg7 {[%clk 0:29:30]} 22. Ne4 {[%clk 0:31:38]} b6
{[%clk 0:21:31]} 23. Rf2 {[%clk 0:29:05]} Qb4 {[%clk 0:18:04]} 24. c3
{[%clk 0:25:47]} Qa4 {[%clk 0:16:50]} 25. Kb1 {[%clk 0:22:44]} c5
{[%clk 0:16:18]} 26. Nd6 {[%clk 0:21:18]} Ne7 {[%clk 0:13:54]} 27. Rd1
{[%clk 0:10:33]} Nf5 {[%clk 0:10:34]} 28. Nxf5+ {[%clk 0:10:11]} gxf5
{[%clk 0:10:04]} 29. g6 {[%clk 0:09:04]} fxg6 {[%clk 0:09:29]} 30. Rg1
{[%clk 0:08:34]} Qe8 {[%clk 0:03:27]} 31. Rg5 {[%clk 0:04:22]} Kh7
{[%clk 0:03:31]} 32. Rfg2 {[%clk 0:02:35]} Rg8 {[%clk 0:03:48]} 33. Qd1
{[%clk 0:02:24]} Rg7 {[%clk 0:02:43]} 34. a3 {[%clk 0:02:44]} a5 {[%clk 0:02:38]}
35. Ka1 {[%clk 0:02:39]} b5 {[%clk 0:02:50]} 36. Qg1 {[%clk 0:01:35]} Rdd7
{[%clk 0:01:43]} 37. dxc5 {[%clk 0:01:16]} Qd8 {[%clk 0:02:06]} 38. Qe3
{[%clk 0:00:34]} Rd1+ {[%clk 0:01:29]} 39. Ka2 {[%clk 0:01:03]} Qd5+
{[%clk 0:01:49]} 40. c4 {[%clk 0:31:10]} bxc4 {[%clk 0:30:40]} 41. Qc3
{[%clk 0:29:37]} Rd3 {[%clk 0:24:10]} 42. Qc2 {[%clk 0:28:42]} c3+
{[%clk 0:19:48]} 43. b3 {[%clk 0:29:06]} a4 {[%clk 0:18:43]} 44. c6
{[%clk 0:28:22]} axb3+ {[%clk 0:17:15]} 45. Qxb3 {[%clk 0:28:44]} Qxc6
{[%clk 0:17:35]} 46. Qb4 {[%clk 0:27:04]} Qd5+ {[%clk 0:15:53]} 0-1